Statistics for Walibi Holland Roller Coasters

Click here to take the quiz!

General Stats

  • This quiz has been taken 10 times
  • The average score is 7 of 8

Answer Stats

Coaster TypeAnswer% Correct
Intamin MegacoasterGoliath
100%
Vekoma BoomerangSpeed of Sound
100%
Vekoma SLCCondor
88%
Mack Rides Big DipperLost Gravity
88%
RMC Steel TrackUntamed
88%
Zierer Kids Coaster
Drako
75%
Zamperla Junior Coaster J2SKEat my Dust
63%
Vekoma Launch CoasterXpress: Platform 13
63%

Score Distribution

Percentile by Number Answered

Percent of People with Each Score

Your Score History

You have not taken this quiz